000 00332 a2200109 4500
001 ART_8901
005 20260410161845.0
008 260409a
245 1 0 _aLa economía y la economía política
100 1 _aRobbins, Lionel
773 0 _tEl trimestre económico
_g- Vol. XLIX, Nº 193 (ene./mar. 1982)
_wREV6933
999 _c24463
_d24463